<?xml version="1.0" encoding="UTF-8"?>
<marc:record xmlns:marc="http://www.loc.gov/MARC21/slim">
   <marc:leader>00000nam a2200000 a 4500</marc:leader>
   <marc:datafield ind1=" " ind2=" " tag="653">
      <marc:subfield code="a">CD</marc:subfield>
   </marc:datafield>
   <marc:datafield ind1="0" ind2="0" tag="245">
      <marc:subfield code="a">Die magischen Ballettschuhe</marc:subfield>
   </marc:datafield>
   <marc:datafield ind1="0" ind2="0" tag="245">
      <marc:subfield code="c">Darcey Bussell. Gelesen von Danielle Green. Übers.: Petra Koob-Pawis. Regie: Rainer Gussek</marc:subfield>
   </marc:datafield>
   <marc:datafield ind1=" " ind2="1" tag="264">
      <marc:subfield code="a">Hamburg</marc:subfield>
      <marc:subfield code="b">Audiolino</marc:subfield>
      <marc:subfield code="c">2011</marc:subfield>
   </marc:datafield>
   <marc:datafield ind1="1" ind2=" " tag="520">
      <marc:subfield code="a">Angaben aus der Verlagsmeldung

Die Magischen Ballettschuhe: Violetta und der Tanz der Zuckerfee CD / von Darcey Bussell

Als Violetta ein paar geheimnisvolle rote Ballettschuhe geschenkt bekommt, ahnt Sie noch nicht, dass es damit etwas Besonderes auf sich hat: die Schuhe tragen Violetta in das Zauberland Fantasia. Dort trifft Sie Figuren aus bekannten Ballettstücken.
Die Zuckerfee benötigt Violettas Hilfe: Der böse Mäusekönig hat den Nussknacker-Prinzen entführt und in eine Holzfigur verwandelt. Doch ohne seine Zauberkräfte kann keiner der Bewohner Fantasias mehr tanzen. Nur Violetta kann es und damit besiegt sie sogar den grimmigen Mäusekönig …

</marc:subfield>
   </marc:datafield>
   <marc:datafield ind1=" " ind2=" " tag="020">
      <marc:subfield code="a">9783867371063</marc:subfield>
      <marc:subfield code="9">9783867371063</marc:subfield>
   </marc:datafield>
   <marc:datafield ind1=" " ind2=" " tag="041">
      <marc:subfield code="a">ger</marc:subfield>
   </marc:datafield>
   <marc:datafield ind1=" " ind2=" " tag="300">
      <marc:subfield code="a">1 CD (60 Min.)</marc:subfield>
   </marc:datafield>
</marc:record>
